<The> Use of matrix games in the field of network security

Salvato in:
Dettagli Bibliografici
Autore principale: Čičková, Zuzana, 1978-
Altri autori: Zagiba, Matej
Natura: Capitolo di libro
Lingua:inglese
Tags: Aggiungi Tag
Nessun Tag, puoi essere il primo ad aggiungerne!!

MARC

LEADER 00000naa$a2200000$$$4500
001 0237437
005 20240502073832.6
041 0 |a eng 
044 |a SK 
245 1 0 |a <The> Use of matrix games in the field of network security  |c Zuzana Čičková, Matej Zagiba 
500 |a Abstrakt 
100 1 |a Čičková, Zuzana, 1978- 
700 1 |a Zagiba, Matej